000 00612nam a2200229Ia 4500
003 OSt
005 20220928102154.0
006 a|||||r|||| 00| 0
007 ta
008 220927b |||||||| |||| 00| 0 hin d
024 _a58186
037 _cTextual
040 _aSDCL
_cSDCL
_bhin
041 _2hin
_ahin
082 _aO152,3N721x, N7
100 _aVaid Krishna Baldev
_9396934
245 0 _aDus pratinidhi kahaniyan.
260 _aNew Delhi
_bKitabh Ghar
_c1997
300 _a144p.
_ccm.
942 _hO152,3N721x, N7
_cTEXL
_2CC
999 _c712695
_d712695